000 00710nam a22002297a 4500
003 OSt
005 20140310181735.0
008 130319t xxu||||| |||| 00| 0 eng d
020 _a9782611468
050 _aPL 1071
_b.So698 2006
082 _aTRF 495.1
_bSo5a 2006
100 _aSong, Liwen,
_92649
245 _aSimple strokes : learn Chinese the fun way :
_banimals /
_cLiwen Song translated by Tao Youlan.
260 _aSingapore :
_bMarshall Cavendish Editions,
_cc2006.
300 _a171 p. :
_c25 cm.
_bill. col. ;
521 _aFaculty
541 _j1
562 _e1
650 _aChinese philology
_xChinese characters.
_92650
650 _aTao, Youlan.
_92651
942 _2lcc
_cBK-TR
_kTRF
999 _c2539
_d2539